000
00273nam a2200109Ia 4500
100
_a
EDS inc.
942
_c
BK
654
_a
unigraphics
245
_a
unigraphics:Scenerio for motion and student guide- Dec 2002-MT15110-Unigragaphics NX
260
_b
EDS
546
_a
ENGLISH
999
_c
34025
_d
34025